000 00377nam a22001577a 4500
999 _c10899
_d10899
003 OSt
008 210814b ||||| |||| 00| 0 eng d
082 _a294.5922
_bGIS
100 G _aGita Press
245 _aSrimad Valmiki Ramayana - Part2
250 _aRep Vol-2
260 _aKolkata
_bGita Press Gorakhpur
_c2019
300 _a942
650 _aReligious
942 _2ddc
_cBK